000 01521nam a22003017a 4500
999 _c17461
_d17461
005 20251125232857.0
008 s2541 th tha d
020 _a9742823596
040 _a์NALT
041 _atha
100 0 _aธีระพล อรุณะกสิกร
245 1 0 _aประมวลกฎหมายแพ่งและพาณิชย์ บรรพ 1-6 ฉบับสมบูรณ์ แก้ไขเพิ่มเติม พ.ศ.2541
260 3 _aกรุงเทพฯ :
_bวิญญูชน,
_c2541
300 _a575 หน้า ;
_b 22 ซม.
650 0 4 _aกฎหมายแพ่งและพาณิชย์
650 0 4 _aกฎหมายแพ่งและพาณิชย์ บรรพ 1
650 0 4 _aกฎหมายแพ่งและพาณิชย์ บรรพ 2
650 0 4 _aกฎหมายแพ่งและพาณิชย์ บรรพ 3
650 0 4 _aกฎหมายแพ่งและพาณิชย์ บรรพ 4
650 0 4 _aกฎหมายแพ่งและพาณิชย์ บรรพ 5
650 0 4 _aกฎหมายแพ่งและพาณิชย์ บรรพ 6
700 0 _aธีระพล อรุณะกสิกร
850 _aNALT
856 4 0 _uhttps://hdl.handle.net/20.500.14156/411121
_71
942 _cLB
_2lcc
998 _j25
_k นีลวัสน์ อินทรักษา
090 _aKS32 ธ667ป 2541